000
00278nmm a2200085Ia 4500
008
220120s9999||||xx |||||||||||||||||und||
100
_a
Waldron, Kenneth, J and Kinzel, Gary, L
_9
8795
245
0
_a
Kinematics, dynamics and design of machinery
260
_a
Tata mcgraw hill company Ltd
999
_c
139785
_d
139785